Estudios sobre los dos bronces encontrados en Málaga a fines de octubre de 1851 / (Record no. 163762)

MARC details
000 -LEADER
campo de control de longitud fija 01547nam a22003135i 4500
001 - NÚMERO DE CONTROL
campo de control 163762
003 - IDENTIFICADOR DE NÚMERO DE CONTROL
campo de control ES-MaACL
005 - FECHA Y HORA DE LA ÚLTIMA TRANSACCIÓN
campo de control 20250713063723.0
008 - DATOS DE LONGITUD FIJA--INFORMACIÓN GENERAL
campo de control de longitud fija 961105e1853 sp a |||| | spa d
040 ## - FUENTE DE CATALOGACIÓN
Centro catalogador/agencia de origen EUS
Lengua de catalogación spa
Centro/agencia transcriptor EUS
080 ## - NÚMERO DE LA CLASIFICACIÓN DECIMAL UNIVERSAL
Número de la Clasificación Decimal Universal 003.344.071(460.356 M)
080 ## - NÚMERO DE LA CLASIFICACIÓN DECIMAL UNIVERSAL
Número de la Clasificación Decimal Universal 904(460.356 M):7.032.7
100 1# - ENTRADA PRINCIPAL--NOMBRE DE PERSONA
Nombre de persona Rodríguez de Berlanga, Manuel,
Fechas asociadas al nombre 1825-1909
Término indicativo de función/relación Autor
9 (RLIN) 98441
245 10 - MENCIÓN DEL TÍTULO
Título Estudios sobre los dos bronces encontrados en Málaga a fines de octubre de 1851 /
Mención de responsabilidad, etc. por Manuel Rodríguez de Berlanga.
260 ## - PUBLICACIÓN, DISTRIBUCIÓN, ETC.
Lugar de publicación, distribución, etc. Málaga :
Nombre del editor, distribuidor, etc. [s.n.],
Fecha de publicación, distribución, etc. 1853
Fabricante (Imp. del Avisador Malagueño)
300 ## - DESCRIPCIÓN FÍSICA
Extensión [52] páginas, [1] hoja de lámina ;
Dimensiones 25 cm.
530 ## - NOTA DISPONIBLE DE FORMULARIO FÍSICO ADICIONAL
Nota de formato físico adicional disponible Disponible en formato digital
597 ## - NOTA DE DESCRIPCIÓN FÍSICA
NOTA DE DESCRIPCIÓN FÍSICA Signaturizado
597 ## - NOTA DE DESCRIPCIÓN FÍSICA
NOTA DE DESCRIPCIÓN FÍSICA Texto a dos col.
599 ## - NOTA A LAS ILUSTRACIONES
NOTA A LAS ILUSTRACIONES Lámina: reproducción facsímil de los bronces
650 #4 - PUNTO DE ACCESO ADICIONAL DE MATERIA--TÉRMINO DE MATERIA
9 (RLIN) 136293
Término de materia o nombre geográfico como elemento de entrada Inscripciones latinas-
Subdivisión geográfica Málaga
651 #4 - PUNTO DE ACCESO ADICIONAL DE MATERIA--NOMBRE GEOGRÁFICO
9 (RLIN) 160633
Nombre geográfico Málaga-
Subdivisión general Restos arqueológicos romanos
852 ## - LOCALIZACIÓN
Ubicación ES-MaACL
Ubicación en estantería Depósito Z
Signatura antigua Olim: 1501-F-2
Marcas de propiedad Ex-libris ms. de José Giménez y Oliver
Anotaciones manuscritas Dedicatoria ms. del autor a José Oliver y Hurtado
Donativo/Legado Donativo de José Giménez y Oliver
Número de control de estantería Z-1-F-14
856 ## - LOCALIZACIÓN Y ACCESO ELECTRÓNICOS
Identificador Uniforme de Recursos <a href="https://www.bibliotecadigitaldeandalucia.es/catalogo/es/consulta/registro.do?id=1013455">https://www.bibliotecadigitaldeandalucia.es/catalogo/es/consulta/registro.do?id=1013455</a>
Texto de enlace Versión en línea
Nota pública (Biblioteca Virtual de Andalucía)
856 ## - LOCALIZACIÓN Y ACCESO ELECTRÓNICOS
Identificador Uniforme de Recursos <a href="http://bibliotecavirtual.malaga.es/i18n/consulta/registro.cmd?id=117">http://bibliotecavirtual.malaga.es/i18n/consulta/registro.cmd?id=117</a>
Texto de enlace Versión en línea
Nota pública (Biblioteca Virtual de la Provincia de Málaga)
942 ## - ELEMENTOS DE ENTRADA SECUNDARIOS (KOHA)
Fuente del sistema de clasificación o colocación Clasificación decimal universal
Tipo de ítem Koha Libro impreso antiguo
Suprimir en OPAC No
Holdings
Estatus retirado Estado de pérdida Fuente del sistema de clasificación o colocación Estado de daño No para préstamo Colección Biblioteca de origen Biblioteca actual Ubicación en estantería Fecha de adquisición Fuente de adquisición Total de préstamos Signatura topográfica completa Código de barras Visto por última vez Tipo de ítem Koha
    Clasificación decimal universal     Libros del s. XIX Biblioteca del Ateneo de Madrid Biblioteca del Ateneo de Madrid Depósito Z 17/01/2008 Donación   Z-1-F-14 1171619 23/02/2023 Libro impreso antiguo